[Event "Wch Seniors 50 29th"]
[Site "Bucharest"]
[Date "2019.11.21"]
[Round "9"]
[White "Cieza Vega, Arcadio"]
[Black "Sarno, Spartaco"]
[Result "0-1"]
[WhiteElo "2170"]
[BlackElo "2319"]
[PlyCount "104"]
[EventDate "2019.11.12"]
[EventType "swiss"]
[EventRounds "11"]
[EventCountry "ROU"]
[SourceTitle "CBM 193 Extra"]
[Source "ChessBase"]
[SourceDate "2020.01.31"]
[SourceVersion "1"]
[SourceVersionDate "2020.01.31"]
[SourceQuality "1"]

1. e4 c6 2. Ne2 d5 3. e5 c5 4. d4 Nc6 5. c3 Bg4 6. h3 Bxe2 7. Bxe2 e6 8. 0-0 cxd4 9. cxd4 Qb6 10. Be3 Qxb2 11. Nd2 Bb4 12. Nf3 Qa3 13. Rb1 Nge7 14. Bd3 0-0 15. Bxh7+ Kxh7 16. Ng5+ Kg8 17. Qh5 Qd3 18. a3 Ba5 19. Rxb7 Qg6 20. Qg4 Rab8 21. Rxb8 Rxb8 22. Qd1 Rb2 23. g4 Bb6 24. h4 f6 25. h5 Qc2 26. exf6 gxf6 27. Nxe6 Qxd1 28. Rxd1 Kf7 29. Nc5 Bxc5 30. dxc5 Rc2 31. f4 Rc4 32. g5 d4 33. Bd2 Rxc5 34. Rc1 Rxc1+ 35. Bxc1 f5 36. Kf2 Nd8 37. Ke2 Ne6 38. Kf3 Nd5 39. Bb2 a6 40. a4 Ndxf4 41. g6+ Nxg6 42. hxg6+ Kxg6 43. Ba3 Kf7 44. Ke2 Kf6 45. Bd6 f4 46. Kd3 Kf5 47. Bb4 Ke5 48. Kc4 Ke4 49. Be1 Ng5 50. Bf2 Nf3 51. Kb4 Kd5 52. a5 Ne5 0-1

[Event "Wch Seniors 50 29th"]
[Site "Bucharest"]
[Date "2019.11.12"]
[Round "1"]
[White "Grishchenko, Mihail"]
[Black "Sarno, Spartaco"]
[Result "1/2-1/2"]
[WhiteElo "1930"]
[BlackElo "2319"]
[PlyCount "110"]
[EventDate "2019.11.12"]
[EventType "swiss"]
[EventRounds "11"]
[EventCountry "ROU"]
[SourceTitle "CBM 193 Extra"]
[Source "ChessBase"]
[SourceDate "2020.01.31"]
[SourceVersion "1"]
[SourceVersionDate "2020.01.31"]
[SourceQuality "1"]

1. e4 c6 2. d4 d5 3. e5 h5 4. c4 Bg4 5. Qb3 Qb6 6. Be3 e6 7. c5 Qc7 8. Nc3 Nd7 9. Bd3 Ne7 10. Nge2 Bf5 11. Qc2 f6 12. Bxf5 Nxf5 13. Nf4 Kf7 14. exf6 gxf6 15. 0-0-0 Bh6 16. g3 Nf8 17. Qe2 Bxf4 18. Bxf4 Qd7 19. Rhe1 Re8 20. f3 Ng6 21. Qd2 Nxd4 22. Qxd4 e5 23. Bxe5 fxe5 24. Qd2 Qf5 25. Rf1 Kg7 26. Ne2 Rhf8 27. f4 Qe4 28. b3 exf4 29. Nxf4 Nxf4 30. gxf4 Qe3 31. Qxe3 Rxe3 32. Rd2 Kf6 33. Rg2 Rc3+ 34. Kd2 Rxc5 35. Rg5 Ra5 36. a4 Rh8 37. h4 b5 38. Rc1 bxa4 39. Rxc6+ Ke7 40. Rg7+ Kd8 41. b4 Rb5 42. Ra6 Kc8 43. Raxa7 Rxb4 44. Ra8+ Rb8 45. Rxa4 Rb3 46. Ra8+ Rb8 47. Rxb8+ Kxb8 48. Rg5 Rf8 49. f5 Kc7 50. Kd3 Ra8 51. Kd4 Kd6 52. Rg6+ Kd7 53. Ke5 Ra4 54. Rg7+ Ke8 55. Rb7 Rxh4 1/2-1/2

[Event "ITA-chT 50th"]
[Site "Gallipoli"]
[Date "2018.04.28"]
[Round "3.6"]
[White "Sarno, Spartaco"]
[Black "Amato, Andrea"]
[Result "1/2-1/2"]
[WhiteElo "2309"]
[BlackElo "2299"]
[PlyCount "91"]
[EventDate "2018.04.27"]
[EventType "team-swiss"]
[EventRounds "7"]
[EventCountry "ITA"]
[SourceTitle "CBM 184 Extra"]
[Source "ChessBase"]
[SourceDate "2018.06.28"]
[SourceVersion "1"]
[SourceVersionDate "2018.06.28"]
[SourceQuality "1"]
[WhiteTeam "Conegliano"]
[BlackTeam "Informatica Commerciale"]
[WhiteTeamCountry "ITA"]
[BlackTeamCountry "ITA"]

1. c4 e6 2. Nf3 d5 3. g3 Nf6 4. Bg2 Be7 5. 0-0 0-0 6. b3 c5 7. e3 Nc6 8. Bb2 d4 9. exd4 cxd4 10. Re1 Re8 11. a3 a5 12. d3 Bf8 13. Ne5 Nxe5 14. Rxe5 Nd7 15. Rb5 Nc5 16. b4 axb4 17. axb4 Rxa1 18. Bxa1 Na6 19. Bxb7 Bxb7 20. Rxb7 Qa8 21. Rb5 Nxb4 22. Bxd4 Rd8 23. Be3 Rxd3 24. Nd2 Qd8 25. Rb7 Nc6 26. Qf3 Ne5 27. Qe4 f6 28. Nf3 Nxf3+ 29. Qxf3 Rd1+ 30. Kg2 Qd3 31. Kh3 Qf1+ 32. Qg2 Qxc4 33. Rb8 Rd5 34. f4 Qc7 35. Qb2 Rd3 36. Qb4 Rd8 37. Rxd8 Qxd8 38. Bc5 Bxc5 39. Qxc5 Qd5 40. Qe7 Qf5+ 41. g4 Qd3+ 42. Kh4 g5+ 43. fxg5 fxg5+ 44. Qxg5+ Kf7 45. Qf4+ Ke7 46. Qc7+ 1/2-1/2

[Event "Schilcherland op 1st"]
[Site "Deutschlandsberg"]
[Date "2018.01.06"]
[Round "9"]
[White "Sarno, Spartaco"]
[Black "Archangelsky, Mikhail"]
[Result "1/2-1/2"]
[WhiteElo "2314"]
[BlackElo "2054"]
[PlyCount "101"]
[EventDate "2017.12.29"]
[EventType "swiss"]
[EventRounds "9"]
[EventCountry "AUT"]
[SourceTitle "CBM 182 Extra"]
[Source "ChessBase"]
[SourceDate "2018.02.23"]
[SourceVersion "1"]
[SourceVersionDate "2018.02.23"]
[SourceQuality "1"]

1. Nf3 d5 2. c4 c6 3. b3 dxc4 4. bxc4 e5 5. Qc2 Bd6 6. Bb2 Qe7 7. Nc3 Nf6 8. e3 0-0 9. d4 exd4 10. Nxd4 g6 11. Be2 Na6 12. 0-0 Nc5 13. Rad1 Bg4 14. Rfe1 Bxe2 15. Qxe2 Rfe8 16. f3 Qe5 17. g3 Qe7 18. e4 Rad8 19. Kg2 Nh5 20. Qe3 f5 21. Qh6 fxe4 22. Nxe4 Nxe4 23. Rxe4 Qf6 24. Rxe8+ Rxe8 25. Qd2 Qe5 26. Qf2 Bc5 27. Nb3 Bxf2 28. Bxe5 Rxe5 29. Kxf2 Re7 30. Rd8+ Kf7 31. c5 Ng7 32. Rh8 h5 33. Ra8 a6 34. Rd8 Ne6 35. Rd6 g5 36. Rd1 Kf6 37. Rd3 Kf7 38. Rd2 Kf6 39. Rd6 Ke5 40. Rd2 Kf6 41. Kf1 Ke5 42. Ke1 Kf5 43. Kd1 h4 44. Kc2 hxg3 45. hxg3 Rh7 46. Kc3 Rh3 47. Rg2 g4 48. fxg4+ Kxg4 49. Kb4 Rh5 50. a4 Re5 51. Rg1 1/2-1/2

[Event "ITA-ch sf 76th"]
[Site "Civitanova Marche"]
[Date "2016.07.14"]
[Round "6"]
[White "Sarno, Spartaco"]
[Black "Zuttioni, Federico"]
[Result "1-0"]
[WhiteElo "2314"]
[BlackElo "2171"]
[PlyCount "113"]
[EventDate "2016.07.09"]
[EventType "swiss"]
[EventRounds "9"]
[EventCountry "ITA"]
[SourceTitle "CBM 173 Extra"]
[Source "ChessBase"]
[SourceDate "2016.08.29"]
[SourceVersion "1"]
[SourceVersionDate "2016.08.29"]
[SourceQuality "1"]

1. c4 e5 2. Nc3 Nf6 3. Nf3 Nc6 4. g3 g6 5. Bg2 Bg7 6. 0-0 0-0 7. d3 d6 8. Rb1 a5 9. a3 Bf5 10. b4 axb4 11. axb4 Qd7 12. b5 Ne7 13. Re1 Bh3 14. Bh1 h6 15. Bb2 c6 16. c5 dxc5 17. Nxe5 Qc7 18. bxc6 Qxe5 19. cxb7 Rab8 20. Ne4 Qf5 21. Bxf6 Bxf6 22. Qc1 Nd5 23. Qxc5 Be7 24. Qb5 Rfd8 25. Rec1 Kh7 26. Nc5 Nc7 27. Qc6 Bd6 28. Ne4 Ne8 29. e3 Kg7 30. Rb5 Qg4 31. Qc3+ Kh7 32. Nd2 Qd7 33. Bc6 Qe7 34. Ne4 Bd7 35. h4 Bxc6 36. Qxc6 Rd7 37. Rcb1 f5 38. Nd2 Rc7 39. Qf3 Nf6 40. Nc4 h5 41. Na5 Qf7 42. Rb6 Bf8 43. R1b5 Qg7 44. Qf4 Ng4 45. d4 Qd7 46. Qg5 Qf7 47. Qf4 Qd7 48. Qf3 Qg7 49. Rc6 Rcxb7 50. Nxb7 Rxb7 51. Rcb6 Rxb6 52. Rxb6 Kh6 53. Rb7 Be7 54. Qf4+ Kh7 55. Qc7 Bf6 56. Qc8 Be7 57. Qe6 1-0

[Event "Forni di Sopra op 7th"]
[Site "Forni di Sopra"]
[Date "2016.06.15"]
[Round "4"]
[White "Horvath, Jozsef1111"]
[Black "Sarno, Spartaco"]
[Result "1-0"]
[WhiteElo "2528"]
[BlackElo "2324"]
[PlyCount "119"]
[EventDate "2016.06.12"]
[EventType "swiss"]
[EventRounds "9"]
[EventCountry "ITA"]
[SourceTitle "CBM 173 Extra"]
[Source "ChessBase"]
[SourceDate "2016.08.29"]
[SourceVersion "1"]
[SourceVersionDate "2016.08.29"]
[SourceQuality "1"]

1. d4 d5 2. c4 e6 3. Nf3 Nf6 4. g3 b6 5. cxd5 exd5 6. Bg2 Be7 7. 0-0 0-0 8. Nc3 Bb7 9. Ne5 Na6 10. Be3 Qc8 11. Bg5 Rd8 12. f4 c5 13. e3 Nc7 14. Rc1 Rb8 15. Rf2 Ba8 16. a3 a5 17. a4 Qa6 18. g4 b5 19. Bxf6 Qxf6 20. g5 Qb6 21. axb5 cxd4 22. Na4 Qd6 23. b6 Ne6 24. exd4 Qb4 25. Rc7 Re8 26. Rd7 Nxd4 27. Bxd5 Bxd5 28. Rxd5 Rbd8 29. Nd7 Ne6 30. Kh1 Qe4+ 31. Rf3 Bb4 32. Qd3 Qe1+ 33. Qf1 Qe4 34. Qd3 Qe1+ 35. Rf1 Nxf4 36. Qf3 Qxf1+ 37. Qxf1 Nxd5 38. Qb5 Nf4 39. h4 Bd6 40. Qc6 Re1+ 41. Kh2 Rd1 42. Nc3 Ng6+ 43. Kg2 Rd2+ 44. Kf1 Bg3 45. Ne4 Rd1+ 46. Kg2 Ne5 47. Nxe5 Bxe5 48. b7 R1d4 49. h5 g6 50. h6 Rb4 51. Nf6+ Kh8 52. Nd7 Bxb2 53. Qc7 Re8 54. b8Q Rbxb8 55. Nxb8 Be5 56. Qxa5 Bxb8 57. Qb5 Rf8 58. Qb2+ f6 59. gxf6 Kg8 60. Qb7 1-0

[Event "Dieppe op 11th"]
[Site "Dieppe"]
[Date "2015.08.23"]
[Round "2"]
[White "Sarno, Spartaco"]
[Black "Vaugeois, Cyrille"]
[Result "1-0"]
[WhiteElo "2317"]
[BlackElo "2091"]
[PlyCount "33"]
[EventDate "2015.08.22"]
[EventType "swiss"]
[EventRounds "9"]
[EventCountry "FRA"]
[SourceTitle "EXT 2018"]
[Source "ChessBase"]
[SourceDate "2017.10.13"]
[SourceVersion "1"]
[SourceVersionDate "2017.10.13"]
[SourceQuality "1"]

1. d4 Nf6 2. c4 g6 3. Nc3 Bg7 4. e4 d6 5. Nf3 0-0 6. Be2 e5 7. 0-0 exd4 8. Nxd4 Re8 9. f3 Nc6 10. Be3 Nh5 11. Qd2 f5 12. Nxc6 bxc6 13. Rad1 f4 14. Bxf4 Nxf4 15. Qxf4 Be5 16. Qe3 c5 17. f4 1-0

[Event "Giovinazzo  Sole di Puglia 1st"]
[Site "Giovinazzo"]
[Date "2015.07.25"]
[Round "8"]
[White "Sarno, Spartaco"]
[Black "Belezky, Alexander"]
[Result "1/2-1/2"]
[WhiteElo "2317"]
[BlackElo "2454"]
[PlyCount "125"]
[EventDate "2015.07.19"]
[EventType "swiss"]
[EventRounds "9"]
[EventCountry "ITA"]
[SourceTitle "EXT 2024"]
[Source "ChessBase"]
[SourceDate "2023.10.10"]
[SourceVersion "1"]
[SourceVersionDate "2023.10.10"]
[SourceQuality "1"]

1. c4 e5 2. Nc3 Nc6 3. g3 g6 4. Bg2 Bg7 5. e3 d6 6. Nge2 h5 7. h4 Bg4 8. d3 Nge7 9. Rb1 a5 10. a3 0-0 11. b4 axb4 12. axb4 Qd7 13. b5 Nd8 14. Nd5 Nxd5 15. cxd5 Qc8 16. Qc2 b6 17. Nc3 Nb7 18. 0-0 Nc5 19. Rb4 Ra5 20. Bd2 Qf5 21. Rc4 Bf3 22. Qb1 Bxg2 23. Kxg2 Ra7 24. d4 Qd3 25. Qxd3 Nxd3 26. Rb1 f5 27. Kf1 Re8 28. Ke2 exd4 29. Kxd3 dxc3 30. Bxc3 Bxc3 31. Kxc3 Re5 32. Rd1 Kf7 33. Kb3 Kf6 34. Ra4 Rxa4 35. Kxa4 Re8 36. Kb4 Ra8 37. Rc1 Rc8 38. f4 Ke7 39. Re1 Ra8 40. e4 fxe4 41. Rxe4+ Kf6 42. Rc4 Ra7 43. Re4 Ra1 44. Rc4 Rb1+ 45. Ka4 Ra1+ 46. Kb4 Ra7 47. Re4 Kf5 48. Re6 Ra1 49. Re7 Rb1+ 50. Kc4 Rc1+ 51. Kd4 Rc5 52. Rf7+ Kg4 53. Rg7 Kf5 54. Rf7+ Kg4 55. Rg7 Kxg3 56. f5 Rxb5 57. Rxg6+ Kxh4 58. Rg7 c6 59. dxc6 Rxf5 60. Rg6 Rc5 61. Rxd6 Rc1 62. Kd5 Kg3 63. Ke4 1/2-1/2

[Event "ITA-chT 46th"]
[Site "Condino"]
[Date "2014.05.04"]
[Round "7.1"]
[White "Vocaturo, Daniele"]
[Black "Sarno, Spartaco"]
[Result "1-0"]
[WhiteElo "2579"]
[BlackElo "2317"]
[PlyCount "51"]
[EventDate "2014.04.30"]
[EventType "team-swiss"]
[EventRounds "7"]
[EventCountry "ITA"]
[SourceTitle "CBM 160 Extra"]
[Source "ChessBase"]
[SourceDate "2014.07.01"]
[SourceVersion "1"]
[SourceVersionDate "2014.07.01"]
[SourceQuality "1"]
[WhiteTeam "Padova Obiettivo"]
[BlackTeam "Torino"]
[WhiteTeamCountry "ITA"]
[BlackTeamCountry "ITA"]

1. e4 d6 2. d4 Nf6 3. Nc3 g6 4. Be3 Bg7 5. Qd2 0-0 6. 0-0-0 c6 7. f3 b5 8. Bh6 Qa5 9. Bxg7 Kxg7 10. b3 Be6 11. Kb1 Nbd7 12. h4 Rfb8 13. h5 Qa3 14. hxg6 fxg6 15. g4 Nf8 16. g5 Nh5 17. d5 cxd5 18. exd5 Bd7 19. Nge2 Qc5 20. Ne4 Qb6 21. Bh3 Bxh3 22. Rxh3 Kf7 23. Nd4 Qb7 24. Rxh5 gxh5 25. Nf5 Qd7 26. Qf4 1-0

[Event "ITA-chT A1.1"]
[Site "Arvier"]
[Date "2013.03.16"]
[Round "2"]
[White "Sarno, Spartaco"]
[Black "Formento, Paolo"]
[Result "0-1"]
[WhiteElo "2327"]
[BlackElo "2200"]
[PlyCount "126"]
[EventDate "2013.03.15"]
[EventType "team"]
[EventRounds "5"]
[EventCountry "ITA"]
[SourceTitle "EXT 2014"]
[Source "ChessBase"]
[SourceDate "2013.11.20"]
[SourceVersion "1"]
[SourceVersionDate "2013.11.20"]
[SourceQuality "1"]

1. d4 Nf6 2. c4 g6 3. Nc3 Bg7 4. e4 d6 5. f3 0-0 6. Be3 Nc6 7. Nge2 a6 8. Qd2 Rb8 9. h4 h5 10. 0-0-0 b5 11. Nf4 bxc4 12. Bxc4 e5 13. dxe5 Nxe5 14. Bb3 Bd7 15. Nfd5 a5 16. Bg5 a4 17. f4 axb3 18. fxe5 bxa2 19. Nxa2 Nxe4 20. Bxd8 Nxd2 21. Nf6+ Bxf6 22. Bxf6 Nb3+ 23. Kc2 Bf5+ 24. Kc3 Nc5 25. Rhe1 Rb3+ 26. Kc4 Be6+ 27. Kd4 Ra8 28. Nc3 Rxb2 29. exd6 cxd6 30. Ke3 Nd7 31. Bd4 Rxg2 32. Ne4 Ra3+ 33. Rd3 Rxd3+ 34. Kxd3 Bf5 35. Kc4 Bxe4 36. Rxe4 Ne5+ 37. Kd5 Rg4 38. Re2 Rxh4 39. Bf2 Rh2 40. Kxd6 Rxf2 41. Rxf2 Ng4 42. Ra2 Kg7 43. Kd5 Kf6 44. Ke4 Kg5 45. Ra5+ f5+ 46. Kf3 h4 47. Kg2 Nh6 48. Kf3 Ng4 49. Kg2 Nf6 50. Kf3 Ne4 51. Ra8 Nd2+ 52. Ke2 Nc4 53. Ra1 Ne5 54. Kf2 f4 55. Ra5 Kf5 56. Ra8 g5 57. Ra5 h3 58. Kg1 g4 59. Kh2 Ke4 60. Ra4+ Ke3 61. Ra3+ Nd3 62. Ra8 Nc1 63. Ra3+ Kf2 0-1

[Event "Torino-ch 36th"]
[Site "Torino"]
[Date "2011.12.04"]
[Round "7"]
[White "Sarno, Spartaco"]
[Black "Sorcinelli, Francesco"]
[Result "1/2-1/2"]
[WhiteElo "2330"]
[BlackElo "2118"]
[PlyCount "98"]
[EventDate "2011.11.07"]
[EventType "swiss"]
[EventRounds "7"]
[EventCountry "ITA"]
[SourceTitle "EXT 2015"]
[Source "ChessBase"]
[SourceDate "2014.11.20"]
[SourceVersion "1"]
[SourceVersionDate "2014.11.20"]
[SourceQuality "1"]

1. c4 f5 2. Nc3 Nf6 3. g3 g6 4. Bg2 Bg7 5. e3 0-0 6. Nge2 e5 7. 0-0 c6 8. d3 a5 9. b3 Na6 10. Ba3 d6 11. Qd2 Be6 12. Rad1 Bf7 13. e4 f4 14. d4 Nh5 15. dxe5 dxe5 16. Bxf8 Qxf8 17. Qd6 Qxd6 18. Rxd6 Bf8 19. Rd2 Nc5 20. Rfd1 fxg3 21. hxg3 Be7 22. Nc1 Ng7 23. Bh3 Nge6 24. Bxe6 Bxe6 25. f3 Rf8 26. Kg2 h5 27. Nd3 Nxd3 28. Rxd3 g5 29. Ne2 h4 30. g4 Kf7 31. Nc3 Rc8 32. a4 Rc7 33. Rc1 Bc5 34. Nd1 b6 35. Ne3 Bd4 36. Nc2 c5 37. Rcd1 Kg6 38. Ne3 Rd7 39. Kh3 Rf7 40. Nf5 Rd7 41. Kg2 Kf6 42. Rh1 Bxf5 43. gxf5 Rg7 44. Kh3 Rh7 45. Rh2 Ra7 46. Rdd2 Rg7 47. Kg2 Re7 48. Kf1 Rg7 49. Rh1 Rh7 1/2-1/2

[Event "Torino-ch 36th"]
[Site "Torino"]
[Date "2011.11.28"]
[Round "4"]
[White "Castaldo, Folco"]
[Black "Sarno, Spartaco"]
[Result "1/2-1/2"]
[WhiteElo "2420"]
[BlackElo "2330"]
[PlyCount "53"]
[EventDate "2011.11.07"]
[EventType "swiss"]
[EventRounds "7"]
[EventCountry "ITA"]
[SourceTitle "EXT 2015"]
[Source "ChessBase"]
[SourceDate "2014.11.20"]
[SourceVersion "1"]
[SourceVersionDate "2014.11.20"]
[SourceQuality "1"]

1. e4 d6 2. d4 Nf6 3. Nc3 g6 4. Nf3 Bg7 5. h3 0-0 6. Be3 c6 7. Qd2 b5 8. Bd3 Nbd7 9. 0-0 Bb7 10. e5 Ne8 11. Bh6 c5 12. Be4 cxd4 13. Bxg7 Nxg7 14. Bxb7 dxc3 15. Qxc3 Rb8 16. Be4 Rc8 17. Qe3 Nxe5 18. Nxe5 dxe5 19. Qxa7 Qd4 20. Qxd4 exd4 21. Bd3 b4 22. Rfe1 Ne6 23. a3 bxa3 24. Rxa3 Rc7 25. Ra4 Rb8 26. b3 Kf8 27. Rea1 1/2-1/2

[Event "Torino-ch"]
[Site "Torino "]
[Date "2010.12.04"]
[Round "6"]
[White "Castaldo, Folco"]
[Black "Sarno, Spartaco"]
[Result "1/2-1/2"]
[WhiteElo "2419"]
[BlackElo "2325"]
[PlyCount "24"]
[EventDate "2010.11.08"]
[EventType "swiss"]
[EventRounds "7"]
[EventCountry "ITA"]
[SourceTitle "EXT 2012"]
[Source "ChessBase"]
[SourceDate "2011.11.24"]
[SourceVersion "1"]
[SourceVersionDate "2011.11.24"]
[SourceQuality "1"]

1. e4 d6 2. d4 Nf6 3. Nc3 g6 4. Nf3 Bg7 5. h3 0-0 6. Be3 c6 7. a4 a5 8. Be2 Na6 9. 0-0 Nb4 10. Nd2 Nd7 11. f4 f5 12. e5 Nb6 1/2-1/2

[Event "Torino-ch"]
[Site "Torino "]
[Date "2010.11.29"]
[Round "4"]
[White "Pepino, Enrico"]
[Black "Sarno, Spartaco"]
[Result "0-1"]
[WhiteElo "2206"]
[BlackElo "2325"]
[PlyCount "38"]
[EventDate "2010.11.08"]
[EventType "swiss"]
[EventRounds "7"]
[EventCountry "ITA"]
[SourceTitle "EXT 2012"]
[Source "ChessBase"]
[SourceDate "2011.11.24"]
[SourceVersion "1"]
[SourceVersionDate "2011.11.24"]
[SourceQuality "1"]

1. e4 c5 2. Nf3 d6 3. d4 cxd4 4. Nxd4 Nf6 5. Nc3 a6 6. Bc4 e6 7. Bb3 b5 8. Qf3 Qc7 9. Bg5 Nbd7 10. 0-0-0 Be7 11. Rhe1 0-0 12. Qh3 Nc5 13. f4 b4 14. e5 dxe5 15. fxe5 Nxb3+ 16. axb3 bxc3 17. Bxf6 gxf6 18. Qg4+ Kh8 19. exf6 Bxf6 0-1

[Event "Torino-ch"]
[Site "Torino "]
[Date "2010.11.21"]
[Round "3"]
[White "Sarno, Spartaco"]
[Black "Fassio, Luca"]
[Result "1/2-1/2"]
[WhiteElo "2325"]
[BlackElo "2071"]
[PlyCount "102"]
[EventDate "2010.11.08"]
[EventType "swiss"]
[EventRounds "7"]
[EventCountry "ITA"]
[SourceTitle "EXT 2012"]
[Source "ChessBase"]
[SourceDate "2011.11.24"]
[SourceVersion "1"]
[SourceVersionDate "2011.11.24"]
[SourceQuality "1"]

1. d4 g6 2. c4 Bg7 3. e4 d6 4. Nc3 Nf6 5. f3 0-0 6. Be3 b6 7. Bd3 a6 8. Nge2 c5 9. 0-0 Nc6 10. d5 Na5 11. Rb1 e6 12. b4 Nb7 13. Qd2 exd5 14. cxd5 cxb4 15. Rxb4 Nc5 16. Rfb1 Nfd7 17. Nd4 Qc7 18. Be2 Bb7 19. a4 Rac8 20. Nd1 Rfe8 21. Bf2 Qd8 22. Qa2 Qe7 23. Bf1 Be5 24. Ne3 Qf6 25. Ng4 Qe7 26. Nxe5 Qxe5 27. Bg3 Qe7 28. Nb3 Kg7 29. Nxc5 dxc5 30. Rxb6 Nxb6 31. Rxb6 a5 32. Qb2+ Kg8 33. Rxb7 Qg5 34. f4 Qd8 35. Qc2 Rc7 36. Rb5 Qa8 37. d6 Rd7 38. e5 Qd5 39. Qxc5 Qd2 40. Qf2 Qc3 41. Rc5 Qa1 42. Rxa5 f6 43. Qf3 fxe5 44. fxe5 Rf7 45. Ra8 Rxa8 46. Qxa8+ Kg7 47. Qa6 Qd4+ 48. Kh1 Qd1 49. Kg1 Qd4+ 50. Kh1 Qd1 51. Kg1 Qd4+ 1/2-1/2

[Event "Torino-ch"]
[Site "Torino "]
[Date "2010.11.15"]
[Round "2"]
[White "Sarno, Spartaco"]
[Black "Gallucci, Alessio"]
[Result "1/2-1/2"]
[WhiteElo "2325"]
[BlackElo "2185"]
[PlyCount "49"]
[EventDate "2010.11.08"]
[EventType "swiss"]
[EventRounds "7"]
[EventCountry "ITA"]
[SourceTitle "EXT 2012"]
[Source "ChessBase"]
[SourceDate "2011.11.24"]
[SourceVersion "1"]
[SourceVersionDate "2011.11.24"]
[SourceQuality "1"]

1. d4 Nf6 2. c4 g6 3. Nc3 d5 4. cxd5 Nxd5 5. e4 Nxc3 6. bxc3 Bg7 7. Bc4 c5 8. Ne2 Nc6 9. Be3 cxd4 10. cxd4 Qa5+ 11. Bd2 Qh5 12. Bc3 0-0 13. 0-0 e6 14. Qd2 Rd8 15. Qb2 b5 16. Qxb5 Qxb5 17. Bxb5 Nxd4 18. Nxd4 Bxd4 19. Rad1 e5 20. Ba5 Rd6 21. Bc7 Rf6 22. Bd8 Rd6 23. Bc7 Rf6 24. Bd8 Rd6 25. Bc7 1/2-1/2

[Event "Trieste op 12th"]
[Site "Trieste"]
[Date "2010.09.11"]
[Round "9"]
[White "Mazi, Leon"]
[Black "Sarno, Spartaco"]
[Result "1-0"]
[WhiteElo "2376"]
[BlackElo "2329"]
[PlyCount "133"]
[EventDate "2010.09.04"]
[EventType "swiss"]
[EventRounds "9"]
[EventCountry "ITA"]
[SourceTitle "CBM 138 Extra"]
[Source "ChessBase"]
[SourceDate "2010.10.29"]
[SourceVersion "1"]
[SourceVersionDate "2010.10.29"]
[SourceQuality "1"]

1. e4 d6 2. d4 Nf6 3. Nc3 g6 4. Be3 Bg7 5. Qd2 0-0 6. Nf3 c6 7. h3 b5 8. Bd3 Nbd7 9. 0-0 Bb7 10. Bh6 e5 11. Rfe1 a6 12. Rad1 Re8 13. Bxg7 Kxg7 14. Bf1 Qc7 15. a3 Rad8 16. Re3 Nf8 17. Rde1 Ne6 18. Ne2 c5 19. d5 Nd4 20. Ng3 Bxd5 21. exd5 Nxd5 22. Rd3 f5 23. Nxd4 cxd4 24. c3 dxc3 25. bxc3 Nf4 26. Rde3 Qc5 27. Qb2 Rc8 28. Rd1 Rc6 29. Ne2 Nd5 30. Red3 Nb6 31. Qb4 Nc4 32. Rd5 Qa7 33. Ng3 Re6 34. Bxc4 Rxc4 35. Qa5 Ra4 36. Qd8 Qe7 37. Rxd6 Qxd8 38. Rxd8 Rxa3 39. R1d7+ Kf6 40. Rc8 Re7 41. Rd1 Rb7 42. Nf1 Ke7 43. Ne3 Rd7 44. Rb1 h5 45. c4 f4 46. Nd5+ Kf7 47. cxb5 axb5 48. Nc3 b4 49. Rxb4 Ra1+ 50. Kh2 Rf1 51. Rb2 Rc1 52. Rc6 g5 53. f3 Kg7 54. Rbb6 g4 55. hxg4 hxg4 56. Ne4 Re1 57. Rg6+ Kf8 58. Rbf6+ Ke7 59. Rg7+ Kd8 60. Rf8+ Kc7 61. Rff7 Rxf7 62. Rxf7+ Kc6 63. Rg7 g3+ 64. Kh3 Re2 65. Rg6+ Kd7 66. Rd6+ Ke7 67. Rd2 1-0

[Event "Trieste op 12th"]
[Site "Trieste"]
[Date "2010.09.09"]
[Round "7"]
[White "Laco, Giuseppe"]
[Black "Sarno, Spartaco"]
[Result "0-1"]
[WhiteElo "2126"]
[BlackElo "2329"]
[PlyCount "96"]
[EventDate "2010.09.04"]
[EventType "swiss"]
[EventRounds "9"]
[EventCountry "ITA"]
[SourceTitle "CBM 138 Extra"]
[Source "ChessBase"]
[SourceDate "2010.10.29"]
[SourceVersion "1"]
[SourceVersionDate "2010.10.29"]
[SourceQuality "1"]

1. c4 g6 2. Nc3 Bg7 3. d4 Nf6 4. e4 d6 5. f3 0-0 6. Be3 Nc6 7. Nge2 a6 8. g4 Rb8 9. a4 Re8 10. h4 h5 11. g5 Nd7 12. Bg2 Na5 13. b3 c5 14. d5 Ne5 15. Ra2 e6 16. 0-0 b5 17. cxb5 exd5 18. Nxd5 axb5 19. Nec3 bxa4 20. bxa4 Ba6 21. Rff2 Nd3 22. Rad2 Nxf2 23. Bxf2 Nc4 24. Rc2 Nb2 25. Qd2 Nd3 26. Bg3 Nb4 27. Rc1 Nxd5 28. Qxd5 Qa5 29. Be1 Qb6 30. a5 Qxa5 31. Qxd6 Rbd8 32. Qg3 Qa3 33. Rc2 Qb3 34. Rc1 Qb2 35. Rb1 Qc2 36. Rb6 Be5 37. f4 Rd3 38. Qxd3 Qxd3 39. fxe5 Qe3+ 40. Bf2 Qxc3 41. Rxa6 Qc1+ 42. Kh2 Qf4+ 43. Bg3 Qd2 44. Rf6 c4 45. Bf4 Qe2 46. Rd6 c3 47. Rd7 Qg4 48. Bg3 Qxd7 0-1

[Event "Trieste op 12th"]
[Site "Trieste"]
[Date "2010.09.05"]
[Round "3"]
[White "Hartl, Daniel"]
[Black "Sarno, Spartaco"]
[Result "0-1"]
[WhiteElo "2202"]
[BlackElo "2329"]
[PlyCount "102"]
[EventDate "2010.09.04"]
[EventType "swiss"]
[EventRounds "9"]
[EventCountry "ITA"]
[SourceTitle "CBM 138 Extra"]
[Source "ChessBase"]
[SourceDate "2010.10.29"]
[SourceVersion "1"]
[SourceVersionDate "2010.10.29"]
[SourceQuality "1"]

1. d4 Nf6 2. c4 g6 3. Nf3 Bg7 4. g3 0-0 5. Bg2 c6 6. Nc3 d6 7. 0-0 Qa5 8. e4 e5 9. dxe5 dxe5 10. Qe2 Bg4 11. h3 Bxf3 12. Qxf3 Nbd7 13. a3 Qc5 14. Qe2 a5 15. Be3 Qe7 16. Na4 Ne8 17. Rfd1 Nc7 18. Rxd7 Qxd7 19. Nb6 Qe7 20. Nxa8 Rxa8 21. b3 Ne6 22. a4 Qb4 23. Qc2 Bf8 24. h4 Bc5 25. Bd2 Nd4 26. Qb2 Qxb3 27. Rb1 Nf3+ 28. Kh1 Nxd2 29. Qxb3 Nxb3 30. Rxb3 b6 31. f4 Rd8 32. fxe5 Rd1+ 33. Kh2 Rc1 34. Rd3 Rxc4 35. Rd8+ Kg7 36. Rd7 Kf8 37. e6 fxe6 38. Rxh7 Rxa4 39. e5 Ra2 40. Kh3 Ra3 41. Bxc6 Bd4 42. h5 Bxe5 43. h6 Rxg3+ 44. Kh4 Rc3 45. Bb5 Rc7 46. Rxc7 Bxc7 47. Kg4 Be5 48. Kg5 Kf7 49. h7 Bf6+ 50. Kh6 Bc3 51. Bd3 Bd2# 0-1

[Event "Trieste op 12th"]
[Site "Trieste"]
[Date "2010.09.05"]
[Round "2"]
[White "Sarno, Spartaco"]
[Black "Kovchan, Alexander"]
[Result "0-1"]
[WhiteElo "2329"]
[BlackElo "2571"]
[PlyCount "74"]
[EventDate "2010.09.04"]
[EventType "swiss"]
[EventRounds "9"]
[EventCountry "ITA"]
[SourceTitle "CBM 138 Extra"]
[Source "ChessBase"]
[SourceDate "2010.10.29"]
[SourceVersion "1"]
[SourceVersionDate "2010.10.29"]
[SourceQuality "1"]

1. Nf3 c5 2. g3 g6 3. Bg2 Bg7 4. 0-0 Nc6 5. c4 e5 6. Nc3 d6 7. d3 Nge7 8. a3 a5 9. Ne1 Be6 10. Nc2 d5 11. cxd5 Nxd5 12. Ne4 b6 13. Ng5 Bc8 14. Ne3 Nde7 15. f4 h6 16. Qa4 hxg5 17. Bxc6+ Nxc6 18. Qxc6+ Bd7 19. Qe4 gxf4 20. Nc4 0-0 21. gxf4 exf4 22. Bxf4 Be6 23. Be5 Bxc4 24. Bxg7 Qg5+ 25. Kf2 Bd5 26. Rg1 Qh5 27. Qe5 Qh4+ 28. Kf1 Qh3+ 29. Ke1 Rfe8 30. Qxd5 Kxg7 31. Rf1 Ra7 32. Rf2 Rae7 33. Rd1 Qg4 34. Kf1 Rxe2 35. Qxf7+ Kh6 36. Qf4+ Qxf4 37. Rxf4 Rxh2 0-1